| 000 | 01098njm a2200313Ia 4500 | ||
|---|---|---|---|
| 001 | 27576 | ||
| 003 | IT-RoPAU | ||
| 005 | 20220918181216.0 | ||
| 008 | 131025s9999 xx 000 0 und d | ||
| 040 | _aIT-RoPAU | ||
| 040 | _cIT-RoPAU | ||
| 999 |
_c104030 _d104030 |
||
| 999 | _bSI | ||
| 100 |
_aNono Luigi _918639 |
||
| 100 |
_eAutore musica _918640 |
||
| 100 |
_gCodice autore musica SPICS: 10797 _918641 |
||
| 245 | _aAtmende Klarsein (Das) | ||
| 250 | _a1a ed. | ||
| 260 | _aTORINO | ||
| 260 |
_bFONIT CETRA _c1984 [1a Ed.:1984 - Ed. Lingua Orig.: 1984] |
||
| 300 | _aDISCO | ||
| 300 | _c43 minuti (Testo: 8 pag.) | ||
| 500 | _aMusica contemporanea, strumentale | ||
| 505 | _aDas Atmende Klarsein per flauto basso e piccolo coro | ||
| 511 | _aComplesso Vocale di Solisti dell'Istituto per la Musica Nuova diretto da Tamayo Arturo | ||
| 650 |
_aCONTEMPORANEA [DISCHI] _eCodice MATERIA SPICS: 9950 _92440 |
||
| 700 |
_aCacciari Massimo _eAutore testo e musica _gCodice autore testo/musica SPICS: 12135 _918642 |
||
| 700 |
_aNono Luigi _gCodice interprete SPICS: 10797 _eInterprete _918643 |
||
| 942 |
_cMD _2ddc |
||